[Event "1st ONGC Cup"]
[Site "Hyderabad IND"]
[Date "2006.02.26"]
[Round "1"]
[White "Shivakumar,C"]
[Black "Kunte,A"]
[Result "0-1"]
[WhiteElo "2075"]
[BlackElo "2551"]

1.e4 c5 2.Nf3 e6 3.d4 cxd4 4.Nxd4 a6 5.Bd3 Bc5 6.Nb3 Ba7 7.O-O Nc6 8.Qe2 Nge7
9.Be3 e5 10.c4 d6 11.Nc3 O-O 12.Nd5 Ng6 13.Rad1 a5 14.Qh5 Be6 15.h3 a4 16.Nc1 Bxd5
17.exd5 Nce7 18.Bxa7 Rxa7 19.Bxg6 Nxg6 20.Qe2 f5 21.f3 b6 22.Nd3 Rc7 23.b3 Ra7
24.b4 Re7 25.Qe3 e4 26.Nf4 Nxf4 27.Qxf4 Re5 28.h4 exf3 29.gxf3 Qe7 30.c5 bxc5
31.bxc5 dxc5 32.d6 Qe6 33.d7 Rd8 34.Qxa4 h6 35.Qb5 f4 36.Rd2 Rd5  0-1

[Event "1st ONGC Cup"]
[Site "Hyderabad IND"]
[Date "2006.02.26"]
[Round "2"]
[White "Rao J.,M"]
[Black "Ramesh,R"]
[Result "1/2-1/2"]
[WhiteElo "2216"]
[BlackElo "2491"]

1.e4 c5 2.Nf3 e6 3.d4 cxd4 4.Nxd4 a6 5.Bd3 Bc5 6.Nb3 Ba7 7.Qe2 d6 8.O-O Nc6
9.Nc3 Nge7 10.Be3 e5 11.Bxa7 Rxa7 12.Bc4 O-O 13.a4 Ra8 14.Rad1 Qc7 15.Rd2 Be6
16.Bxe6 fxe6 17.Qc4 Rf6 18.a5 Raf8 19.f3 g5 20.Rfd1 Nc8 21.Na4 h5 22.h3 g4
23.fxg4 hxg4 24.Rd3 gxh3 25.Rg3+ Kf7 26.Rxh3 Ke8 27.c3 Rg6 28.Rf1 Rfg8 29.Rf2 Qg7
30.Qe2 Rh6 31.Rxh6 Qxh6 32.Rf3 Rg5 33.Qd2 Rh5 34.Qxh6 Rxh6 35.Nb6 Nxb6 36.axb6 Rh4
37.Re3 Ke7 38.g3 Rh7 39.Kg2 a5 40.Re1 d5 41.Ra1 Kd6 42.Nxa5 Nxa5 43.Rxa5 dxe4
44.Ra1 Kd5  1/2-1/2

[Event "1st ONGC Cup"]
[Site "Hyderabad IND"]
[Date "2006.02.27"]
[Round "3"]
[White "Sahu,S"]
[Black "Kunte,A"]
[Result "1/2-1/2"]
[WhiteElo "2232"]
[BlackElo "2551"]

1.e4 c5 2.Nf3 e6 3.d4 cxd4 4.Nxd4 a6 5.Bd3 Bc5 6.Nb3 Ba7 7.O-O Nc6 8.Qe2 Nge7
9.Be3 e5 10.Bxa7 Rxa7 11.c3 O-O 12.Rd1 Ng6 13.Qe3 d6 14.N1d2 Bg4 15.Be2 Bxe2
16.Qxe2 Nf4 17.Qf1 b5 18.a4 Rb7 19.axb5 axb5 20.Nf3 Qc7 21.Rd2 b4 22.c4 Ne6
23.Qd1 Rd8  1/2-1/2

[Event "1st ONGC Cup"]
[Site "Hyderabad IND"]
[Date "2006.03.03"]
[Round "8"]
[White "Hossain,Enam"]
[Black "Fominyh,A"]
[Result "1/2-1/2"]
[WhiteElo "2468"]
[BlackElo "2518"]

1.e4 c5 2.Nf3 e6 3.d4 cxd4 4.Nxd4 a6 5.Bd3 Bc5 6.Nb3 Ba7 7.Qe2 Nc6 8.Be3 d6
9.f4 Nf6 10.N1d2 Nb4 11.Bxa7 Rxa7 12.O-O O-O 13.Kh1 e5 14.c3 Nxd3 15.Qxd3 b6
16.c4 Qe7 17.a4 Bd7 18.f5 Bc6 19.Rfe1 Qd7 20.a5 b5 21.Rac1 bxc4 22.Qxc4 Bb5
23.Qc3 h6 24.Qe3 Rc7 25.Rc3 Rxc3 26.bxc3 Rc8 27.Rc1 Qb7 28.Rb1 Rc7 29.h3 Bc6
30.Kh2 Qa8 31.Re1 Rb7 32.Nc1 Rb5 33.Nd3 Rxa5 34.Nc4 Ra4 35.Nb6 Rxe4 36.Nxa8 Rxe3
37.Rxe3 Bxa8 38.Nb2 Kf8 39.c4 Ke7 40.c5 Be4 41.cxd6+ Kxd6 42.g4 g6 43.fxg6 fxg6
44.Ra3 Bb7 45.Nc4+ Kd5 46.Na5 Bc8 47.Rd3+ Ke6 48.Nc4 Nd5 49.Rb3 Bd7 50.Rb8 Bb5
51.Nd2 h5 52.Ne4 hxg4 53.hxg4 Nf4 54.Nc3 Bd3 55.Rb6+ Kf7 56.Kg3 g5 57.Kf3 Ne6
58.Rd6 Nd4+ 59.Kf2 Bc4 60.Ne4 Be6 61.Rxa6 Bxg4 62.Nxg5+ Ke7 63.Ke3 Bf5  1/2-1/2

[Event "ch-LAT"]
[Site "Riga LAT"]
[Date "2006.03.03"]
[Round "5"]
[White "Krustkalns,K"]
[Black "Miezis,N"]
[Result "1/2-1/2"]
[WhiteElo "2223"]
[BlackElo "2470"]

1.e4 c5 2.Nf3 e6 3.d4 cxd4 4.Nxd4 a6 5.Bd3 Nc6 6.Nxc6 dxc6 7.Nd2 e5 8.Qh5 Bd6
9.Nc4 Nf6 10.Qe2 Bc7 11.Bg5 h6 12.Bh4 Be6 13.O-O-O Qe7 14.Kb1 O-O-O 15.f3 b5
16.Ne3 Kb7 17.Nf5 Qf8 18.c4 b4 19.c5 a5 20.Ba6+ Kb8 21.Bf2 Bxf5 22.exf5 Qe7
23.Bb5 Qe8 24.Ba4 Kb7 25.Rxd8 Bxd8 26.Rd1 Bc7 27.Qe3 Qa8 28.Qb3 Rd8 29.Qxf7 Rxd1+
30.Bxd1 Qa6 31.Qb3 Qf1 32.Bh4 Nd5 33.g4 e4 34.fxe4 Ne3 35.Qxe3 Qxd1+ 36.Qc1 Qxg4
37.Qe1 Bxh2 38.Bf2 Be5 39.Kc2 Qf3 40.Qe3 Qxe3 41.Bxe3 h5 42.Bf2 Ka6 43.b3 Bf6
44.Kd3 h4 45.Ke3 h3 46.Bg3 Be7 47.Kf3 Bxc5 48.Be5 Bf8 49.Kg3 c5 50.Kxh3 Kb5
51.Kg4 c4 52.Kh5 c3 53.Kg6 c2 54.Bb2 Bd6 55.f6 Be5 56.Bxe5 c1=Q 57.fxg7 Qc6+
58.Kf7 Qxe4 59.g8=Q Qd5+ 60.Kf8 Qxe5 61.Qc4+ Kb6 62.Kf7 Qd6 63.Qe4 Qd2 64.Ke6 a4
65.Qd5 Qh6+ 66.Kd7 Qg7+ 67.Kd6 Qc7+ 68.Ke6 Qc8+ 69.Kd6 Qc7+ 70.Ke6 axb3 71.axb3 Qc8+
72.Kd6 Qc3 73.Kd7 Qc5 74.Qd6+ Kb5 75.Qb8+ Ka5 76.Qa8+ Kb6 77.Qb8+ Ka5 78.Qa8+ Kb6
79.Qb8+  1/2-1/2

[Event "ch-LAT"]
[Site "Riga LAT"]
[Date "2006.03.05"]
[Round "7"]
[White "Samolins,V"]
[Black "Miezis,N"]
[Result "0-1"]
[WhiteElo "2256"]
[BlackElo "2470"]

1.e4 c5 2.Nf3 e6 3.d4 cxd4 4.Nxd4 a6 5.Bd3 Nc6 6.Nxc6 dxc6 7.Nd2 e5 8.Nc4 Be6
9.Qe2 Nf6 10.Bd2 Bxc4 11.Bxc4 b5 12.Bb3 Bd6 13.O-O-O Qe7 14.Bg5 h6 15.Bh4 a5
16.c3 a4 17.Bc2 O-O 18.Qf3 Rfd8 19.Qf5 Bc7 20.g4 g5 21.Bg3 Ne8 22.h4 Rxd1+
23.Rxd1 gxh4 24.Bh2 Ng7 25.Qd7 Qxd7 26.Rxd7 Ne6 27.Kd2 Rd8 28.Rxd8+ Nxd8
29.f3 Ne6 30.b3 a3 31.Ke2 f6 32.b4 Kg7 33.Bb3 Ng5 34.c4 Ne6 35.Kd3 Ng5 36.Ke2 c5
37.bxc5 b4 38.Bd1 Ne6 39.Bg1 h3 40.Kf1 h2 41.Bxh2 Nxc5 42.Bc2 b3 43.Bb1 Na4  0-1

[Event "ch-EST w"]
[Site "Tallinn EST"]
[Date "2006.03.05"]
[Round "1"]
[White "Bashkite,V"]
[Black "Gansvind,V"]
[Result "0-1"]
[WhiteElo "2217"]
[BlackElo "2247"]

1.e4 c5 2.Nf3 e6 3.d4 cxd4 4.Nxd4 a6 5.Bd3 Qc7 6.O-O Nf6 7.Qe2 d6 8.c4 Be7
9.b3 Nbd7 10.Bb2 b6 11.Nd2 Bb7 12.Rac1 Rc8 13.Bb1 Qb8 14.Rfe1 Bd8 15.f4 Bc7
16.Nxe6 fxe6 17.e5 dxe5 18.fxe5 O-O 19.exf6 Bxh2+ 20.Kh1 Nxf6 21.Qxe6+ Rf7
22.Qh3 Bf4 23.Rcd1 Re8 24.Nf3 Ne4 25.Bxe4 Bxe4 26.Qg4 Bg6 27.Nh4 Rxe1+ 28.Rxe1 Bd2
29.Be5 Qe8 30.Rd1 Bh5 31.Qg3 Bxd1 32.Nf5 Qe6 33.Nxg7 Qg6 34.Qh4 Qh6  0-1

[Event "2nd ch-SCG"]
[Site "Pancevo SCG"]
[Date "2006.03.06"]
[Round "8"]
[White "Perunovic,Mil"]
[Black "Kontic,D"]
[Result "1-0"]
[WhiteElo "2508"]
[BlackElo "2355"]

1.e4 c5 2.Nf3 e6 3.d4 cxd4 4.Nxd4 a6 5.Bd3 Nc6 6.Nxc6 dxc6 7.Nd2 e5 8.Qh5 Bd6
9.Nc4 Bc7 10.Bg5 Nf6 11.Qe2 Be6 12.O-O-O Qe7 13.f4 h6 14.Bh4 Bxc4 15.Bxc4 exf4
16.e5 g5 17.Bf2 Nd5 18.Bxd5 cxd5 19.Rxd5 Qe6 20.Qd3 O-O 21.Bc5 Rfe8 22.Bd6 Bxd6
23.exd6 Rad8 24.Rd1 Qe3+ 25.Kb1 Qxd3 26.R5xd3 Re2 27.R3d2 Re5 28.c4 a5 29.Kc2 Kg7
30.b3 Kf6 31.a3 b5 32.a4 bxc4 33.bxc4 Ke6 34.d7 Ke7 35.Rd3 Rc5 36.Re1+ Kf8
37.Kc3 Rc7 38.Red1 Ke7 39.Re1+ Kf8 40.Re5 Rcxd7 41.Rxd7 Rxd7 42.Rxa5 Rd1
43.Rb5 Rc1+ 44.Kb4 Ke7 45.a5 Ke6 46.a6 Rb1+ 47.Kc5 Ra1 48.Kb6 g4 49.a7 f3
50.gxf3 gxf3 51.Rb2 f5 52.c5 f4 53.c6 f2 54.Rxf2 Rb1+ 55.Kc7 Ra1 56.Rxf4 Rxa7+
57.Kb6 Ra2 58.Rh4 Rb2+ 59.Kc7 Re2 60.Rxh6+ Ke7 61.Rh5 Ke8 62.Kc8 Ke7 63.c7 Ke6
64.Rb5  1-0

[Event "XXII Open"]
[Site "Reykjavik ISL"]
[Date "2006.03.10"]
[Round "5"]
[White "Gara,A"]
[Black "Galego,L"]
[Result "0-1"]
[WhiteElo "2367"]
[BlackElo "2538"]

1.e4 c5 2.Nf3 e6 3.d4 cxd4 4.Nxd4 a6 5.Bd3 Qc7 6.O-O Nf6 7.Qe2 d6 8.c4 g6
9.Nc3 Bg7 10.Rd1 O-O 11.Nf3 Nbd7 12.h3 Re8 13.Bf4 Nh5 14.Be3 b6 15.Rac1 Bb7
16.Bb1 Rad8 17.Bg5 Rc8 18.Qd2 Ne5 19.Nxe5 dxe5 20.Qd6 Nf4 21.Kh2 h6 22.Qxc7 Rxc7
23.Bd8 Rxc4 24.g3 Nh5 25.Bxb6 Rb4 26.Be3 Rxb2 27.Na4 Rb4 28.Nc5 Nf6 29.a3 Rb2
30.Rd2 Rxd2 31.Bxd2 Bc8 32.Bc2 Bf8 33.Ba4 Rd8 34.Ba5 Rd4 35.Bc6 Be7 36.Ba8 Bd7
37.Nxd7 Nxd7 38.Rc8+ Kg7 39.Bc6 Bxa3 40.Rc7 Nf6 41.f3 Bb4 42.Bb6 Rd2+ 43.Kg1 a5
44.Ba4 Rb2 45.Be3 Bd2 46.Bc5 Bc3 47.Bf2 Rb1+ 48.Kg2 Bd4 49.Rc2 Ra1 50.Bb5 Bxf2
51.Kxf2 a4 52.Rc7 a3 53.Ra7 Ra2+ 54.Ke3 Kf8 55.Ra8+ Ke7 56.Ra7+ Kd6 57.Rxf7 Rb2
58.Bc4 Nd7 59.Rg7 g5 60.Rg6 Nf8 61.Rg8 Nd7 62.Ra8 Nb6 63.Ra6 Ke7 64.Kd3 Nxc4
65.Kxc4 a2 66.h4 Rf2 67.Ra7+ Kf6 68.Ra3 gxh4 69.gxh4 Kg6 70.Kc5 Rd2 71.Kc4 Kh5
72.f4 exf4 73.Kc3 Re2 74.Kd4 f3  0-1

[Event "TCh-FIN 2005-6"]
[Site "Espoo FIN"]
[Date "2006.03.11"]
[Round "8"]
[White "Tiitta,S"]
[Black "Kivisto,M"]
[Result "0-1"]
[WhiteElo "2238"]
[BlackElo "2303"]

1.e4 c5 2.Nf3 e6 3.d4 cxd4 4.Nxd4 a6 5.Bd3 Nf6 6.O-O d6 7.Nc3 Bd7 8.Be3 Nc6
9.Nxc6 Bxc6 10.Qe2 Be7 11.a4 d5 12.Rfd1 Qc7 13.exd5 Nxd5 14.Nxd5 Bxd5 15.c4 Bc6
16.a5 Qe5 17.f4 Qf6 18.Rab1 Bb4 19.f5 O-O 20.fxe6 Qxe6 21.Qf2 Rfe8 22.Bd2 Bxd2
23.Rxd2 Qg4 24.h3 Qg5 25.b4 Rad8 26.Rbd1 g6 27.h4 Qh5 28.Rf1 Rf8 29.Re1 Rd7
30.Qf4 f5 31.Be2 Rxd2 32.Bxh5 Rxg2+ 33.Kf1 gxh5 34.Re7 Rg6 35.Qc7 f4 36.Re5 f3
37.Rxh5 Rg7 38.Rg5 Rxg5 39.hxg5 f2 40.Qg3 Kg7 41.Qd3 Rf3 42.Qb1 Rf4 43.b5 axb5
44.cxb5 Bd5 45.Qa1+ Kg8 46.a6 Bc4+ 47.Kg2 f1=Q+ 48.Qxf1 Bxf1+ 49.Kg3 Rf8
50.axb7 Bxb5 51.b8=Q Rxb8 52.Kg4 Kg7 53.Kh5 Be2+ 54.Kh4 Kg6 55.Kg3 Kxg5 56.Kh2 Bg4
57.Kg1 Rb2 58.Kh1 h5 59.Kg1 h4 60.Kh1 h3 61.Kg1 h2+ 62.Kh1 Bf3+  0-1

[Event "XXII Open"]
[Site "Reykjavik ISL"]
[Date "2006.03.12"]
[Round "7"]
[White "Gaponenko,I"]
[Black "Galego,L"]
[Result "1/2-1/2"]
[WhiteElo "2437"]
[BlackElo "2538"]

1.e4 c5 2.Nf3 e6 3.d4 cxd4 4.Nxd4 a6 5.Bd3 Nc6 6.Nxc6 dxc6 7.Nd2 e5 8.Nc4 Be6
9.O-O Bxc4 10.Bxc4 Qxd1 11.Rxd1 Nf6 12.f3 Bc5+ 13.Kf1 h6 14.a4 a5 15.Ke2 Ke7
16.Be3 Bxe3 17.Kxe3 Rhd8 18.c3 Ne8 19.g3 Nd6 20.Be2 f6 21.f4 exf4+ 22.gxf4 g5
23.h4 Rg8 24.hxg5 hxg5 25.Rh1 gxf4+ 26.Kxf4 Rg7 27.Rag1 Rag8 28.Rxg7+ Rxg7
29.e5  1/2-1/2

[Event "Victor Ciocaltea Mem"]
[Site "Bucharest ROM"]
[Date "2006.03.17"]
[Round "10"]
[White "Lupulescu,C"]
[Black "Lemmers,O"]
[Result "1-0"]
[WhiteElo "2513"]
[BlackElo "2425"]

1.e4 c5 2.Nf3 e6 3.d4 cxd4 4.Nxd4 a6 5.Bd3 Bc5 6.Nb3 Ba7 7.Qe2 Nc6 8.O-O d6
9.Be3 e5 10.c4 Bxe3 11.Qxe3 Nf6 12.Nc3 Be6 13.Rac1 O-O 14.Rfd1 Rc8 15.Nd5 Nd7
16.Bf1 Re8 17.Nc3 Nf6 18.c5 Ng4 19.Qg3 Nd4 20.Nxd4 exd4 21.Rxd4 Qg5 22.Rdd1 Qxc5
23.h3 Ne5 24.Nd5 Qxc1 25.Rxc1 Rxc1 26.Nf6+ Kf8 27.Nxh7+ Kg8 28.Nf6+ Kf8 29.Nxe8 Kxe8
30.b3 g6 31.f4 Nc6 32.f5 gxf5 33.exf5  1-0

[Event "Victor Ciocaltea Mem"]
[Site "Bucharest ROM"]
[Date "2006.03.18"]
[Round "11"]
[White "Murariu,A"]
[Black "Ionescu,Co"]
[Result "1-0"]
[WhiteElo "2461"]
[BlackElo "2463"]

1.e4 c5 2.Nf3 e6 3.d4 cxd4 4.Nxd4 a6 5.Bd3 Nf6 6.O-O d6 7.c4 b6 8.Nc3 Bb7
9.Qe2 Be7 10.b3 O-O 11.Bb2 Re8 12.Rad1 Nbd7 13.Kh1 Bf8 14.Bb1 Qc7 15.f4 Rad8
16.Nf3 g6 17.e5 Nh5 18.Ng5 Bh6 19.Nce4 d5 20.Nd6 Re7 21.Ndxf7 Rxf7 22.Nxf7 Kxf7
23.f5 Kg8 24.fxg6 hxg6 25.Bxg6 Nf4 26.Rxf4 Bxf4 27.Qg4 Nf8 28.Qxf4 Nxg6 29.Qg5 Kh7
30.Rd3 Rf8 31.Rh3+ Kg7 32.Qh6+ Kf7 33.Rf3+  1-0

[Event "TCh-HUN 2005-6"]
[Site "Hungary HUN"]
[Date "2006.03.19"]
[Round "9"]
[White "Papp,Ga"]
[Black "Tolnai,T"]
[Result "1/2-1/2"]
[WhiteElo "2485"]
[BlackElo "2459"]

1.e4 c5 2.Nf3 e6 3.d4 cxd4 4.Nxd4 a6 5.Bd3 Nc6 6.Nb3 Nf6 7.c4 d5 8.exd5 exd5
9.O-O Be7 10.c5 O-O 11.Nc3 Be6 12.Ne2 d4 13.Bg5 Nd7 14.Bxe7 Qxe7 15.Nbxd4 Nxd4
16.Nxd4 Nxc5 17.Nxe6 Nxe6 18.Qh5 g6 19.Qe5 Rac8 20.Rac1 Rc5 21.Qe3 Rfc8 22.g3 a5
23.h4 Qf6 24.Rxc5 Rxc5 25.Rb1 Kg7 26.b4 axb4 27.Rxb4 Re5 28.Qc1 Nc5 29.Bf1 h5
30.Qb2 Re6 31.Qc2 b6 32.Qb1 Rd6 33.a4 Qe5 34.Rxb6 Rxb6 35.Qxb6 Nxa4 36.Qb5  1/2-1/2

[Event "ch-ARG s/f"]
[Site "Buenos Aires ARG"]
[Date "2006.03.22"]
[Round "2"]
[White "Romero,Le"]
[Black "Triunfetti,C"]
[Result "1-0"]
[WhiteElo "2115"]
[BlackElo "2230"]

1.e4 c5 2.Nf3 e6 3.d4 cxd4 4.Nxd4 a6 5.Bd3 Qc7 6.O-O Nc6 7.Nb3 Nf6 8.Nc3 Be7
9.f4 d6 10.a4 b6 11.Qf3 Bb7 12.Qg3 O-O 13.f5 Kh8 14.Be3 Ne5 15.Nd4 Bc8 16.Kh1 Bd7
17.Rae1 Nxd3 18.cxd3 e5 19.Nf3 b5 20.Rc1 Qb7 21.Bg5 Bc6 22.axb5 axb5 23.Qh3 b4
24.Ne2 Bb5 25.Nd2 Rfc8 26.Bxf6 Bxf6 27.Qe3 h6 28.Nf3 Qa6 29.Rfd1 Rxc1 30.Nxc1 Qc6
31.g4 Qc2 32.Rg1 Be7 33.Rg2 Qd1+ 34.Rg1 Qc2 35.g5 hxg5 36.Nxg5 Kg8 37.Qg3 Kf8
38.Nh7+ Ke8 39.f6 gxf6 40.Qg8+  1-0

[Event "ch-ARG s/f"]
[Site "Buenos Aires ARG"]
[Date "2006.03.22"]
[Round "2"]
[White "Giaccio,A"]
[Black "Lopez,Di"]
[Result "1-0"]
[WhiteElo "2470"]
[BlackElo "2120"]

1.e4 c5 2.Nf3 e6 3.d4 cxd4 4.Nxd4 a6 5.Bd3 Bc5 6.Nb3 Ba7 7.Qg4 Qf6 8.f4 d6
9.Nc3 Nc6 10.e5 h5 11.exf6 hxg4 12.fxg7 Rh5 13.Ne4 Nb4 14.Nxd6+ Ke7 15.Ne4 Nxd3+
16.cxd3 f5 17.Ng5 Bd7 18.Bd2 Bc6 19.Bb4+ Kf6 20.Bc3+ Ke7 21.O-O-O Be3+ 22.Bd2 Bf2
23.Bb4+ Kf6 24.Bc3+ Ke7 25.Rhe1 Bxe1 26.Rxe1 Re8 27.Nd4 Kd7 28.Ndxe6 Rxh2
29.Nf8+ Kd8 30.Nf7+ Kc7 31.Ne6+ Kd7 32.Nf8+ Kc7 33.Be5+ Kb6 34.Nd6 Rd8 35.Ne6 Rd7
36.Bd4+ Ka5 37.Re5+  1-0

[Event "ch-ARG s/f"]
[Site "Buenos Aires ARG"]
[Date "2006.03.23"]
[Round "3"]
[White "De Dovitiis,A"]
[Black "Quiroga,S"]
[Result "1/2-1/2"]
[WhiteElo "2365"]
[BlackElo "2300"]

1.e4 c5 2.Nf3 e6 3.d4 cxd4 4.Nxd4 a6 5.Bd3 Nf6 6.O-O d6 7.c4 b6 8.Nc3 Bb7
9.b3 Be7 10.Bb2 Nc6 11.Nxc6 Bxc6 12.Qe2 O-O 13.f4 Nd7 14.Rad1 g6 15.e5 dxe5
16.fxe5 Qc7 17.Ne4 Bxe4 18.Bxe4 Rad8 19.Bb1 Nc5 20.Rde1 Qd7 21.Rd1 Qc7 22.Rde1 Qd7
23.Rd1 Qc7  1/2-1/2

[Event "Torre ENTEL PCS"]
[Site "Santiago CHI"]
[Date "2006.03.23"]
[Round "3"]
[White "Alvarez Nunez,J"]
[Black "Hellsten,J"]
[Result "0-1"]
[WhiteElo "2208"]
[BlackElo "2574"]

1.e4 c5 2.Nf3 e6 3.d4 cxd4 4.Nxd4 a6 5.Bd3 Nf6 6.O-O Qc7 7.Qe2 d6 8.c4 Nbd7
9.f4 Be7 10.Nc3 O-O 11.Be3 b6 12.g4 g6 13.g5 Nh5 14.Nf5 exf5 15.Nd5 Qd8 16.exf5 Re8
17.Qf3 Bb7 18.Rae1 Bf8 19.Bd4 Rxe1 20.Rxe1 Bxd5 21.cxd5 Bg7 22.f6 Nhxf6 23.gxf6 Bxf6
24.Bf2 Bxb2 25.Qe2 Qf6 26.Bxa6 Bd4 27.Bb7 Ra7 28.Bc6 Qxf4  0-1

[Event "Sozina Open"]
[Site "Bar SCG"]
[Date "2006.03.25"]
[Round "8"]
[White "Marinkovic,Sl"]
[Black "Lapcevic,M"]
[Result "1-0"]
[WhiteElo "2403"]
[BlackElo "2282"]

1.e4 c5 2.Nf3 e6 3.d4 cxd4 4.Nxd4 a6 5.Bd3 Bc5 6.Nb3 Ba7 7.Nc3 Nc6 8.Qe2 d6
9.Be3 Bxe3 10.Qxe3 Nf6 11.O-O-O O-O 12.Rhg1 b5 13.g4 b4 14.Na4 Nd7 15.f4 Qc7
16.g5 Bb7 17.e5 dxe5 18.Nac5 Nxc5 19.Nxc5 Nd4 20.Qxe5 Qxe5 21.fxe5 Bd5 22.Bxh7+ Kxh7
23.Rxd4 Rfc8 24.Nd3 a5 25.g6+ fxg6 26.Nf4 Rc4 27.Rxc4 Bxc4 28.b3 Bd5 29.Nxd5 exd5
30.Kd2 Rf8 31.Ke3 d4+ 32.Kxd4 Rf2 33.e6 Rxc2 34.Re1 Rc8 35.e7 Re8 36.Kd5 Kg8
37.Kd6 Kf7 38.Rf1+ Kg8 39.Kd7  1-0

[Event "Sozina Open"]
[Site "Bar SCG"]
[Date "2006.03.25"]
[Round "8"]
[White "Kontic,D"]
[Black "Stojanovic,Mari"]
[Result "1-0"]
[WhiteElo "2355"]
[BlackElo "2187"]

1.e4 c5 2.Ne2 e6 3.d4 cxd4 4.Nxd4 a6 5.Bd3 d6 6.O-O Nf6 7.b3 Be7 8.Bb2 O-O
9.Nd2 Qc7 10.Nc4 b5 11.Ne3 Bb7 12.Qf3 Nbd7 13.Qh3 Nc5 14.f3 d5 15.e5 Nxd3
16.exf6 Nf4 17.Qg4 Bxf6 18.Nxb5 Qb6 19.Bxf6 Qxe3+ 20.Kh1 Ng6 21.Bd4 Qf4 22.Qxf4 Nxf4
23.Nd6 Bc6 24.c4 f6 25.Be3 Ng6 26.Bb6 h5 27.Rae1 dxc4 28.Nxc4 e5 29.Rc1 Rab8
30.Bc7 Ra8 31.Nb6 Bb5 32.Rfd1 Ra7 33.a4 Be8 34.Bd6 Ne7 35.Nc8  1-0

[Event "ch-ARG s/f"]
[Site "Buenos Aires ARG"]
[Date "2006.03.25"]
[Round "5"]
[White "Pierrot,F"]
[Black "Quiroga,S"]
[Result "1-0"]
[WhiteElo "2452"]
[BlackElo "2300"]

1.e4 c5 2.Nf3 e6 3.d4 cxd4 4.Nxd4 a6 5.Bd3 Nf6 6.O-O d6 7.c4 b6 8.Nc3 Bb7
9.f4 Nc6 10.Be3 Be7 11.Rc1 O-O 12.Qe2 Rc8 13.Kh1 Nd7 14.Nf3 Bf6 15.Rfd1 e5
16.f5 Nd4 17.Qf2 Nxf3 18.Qxf3 Bg5 19.Bxg5 Qxg5 20.Be2 Rfd8 21.Rc2 Nf6 22.Qd3 Qh4
23.Bf3 b5 24.cxb5 axb5 25.g3 Qh3 26.Nxb5 Rxc2 27.Qxc2 h5 28.Nc3 h4 29.Qg2 Qxg2+
30.Kxg2  1-0

[Event "22nd Spring Festival Open"]
[Site "Budapest HUN"]
[Date "2006.03.28"]
[Round "6"]
[White "Cabanna,D"]
[Black "Dominguez Carmona,M"]
[Result "0-1"]
[WhiteElo "2125"]
[BlackElo "2039"]

1.e4 c5 2.Nf3 e6 3.d4 cxd4 4.Nxd4 a6 5.Bd3 Nf6 6.O-O Qc7 7.Nd2 d5 8.exd5 Nxd5
9.Re1 Be7 10.c4 Nf4 11.Bf1 Bd7 12.g3 Ng6 13.N2f3 O-O 14.b3 Bf6 15.Bb2 Nc6
16.Qc2 Rac8 17.Rad1 Nxd4 18.Bxd4 Bxd4 19.Rxd4 e5 20.Rd2 Bc6 21.Bg2 Rfe8 22.h4 e4
23.Nd4 e3 24.Rde2 exf2+ 25.Kxf2 Rxe2+ 26.Rxe2 Bxg2 27.Kxg2 Rd8 28.Qe4 Qd7
29.Nf5 f6 30.c5 Qd5 31.Nd6 Qxe4+ 32.Rxe4 Ne5 33.b4 Rd7 34.a4 Kf8 35.g4 Ke7
36.g5 Ke6 37.gxf6 gxf6 38.Re3 Kd5 39.Ne8 Kd4 40.Re1 Nd3 41.Rf1 Nxb4 42.Rd1+ Nd3
43.Nxf6 Rf7 44.Ng4 Rg7 45.Kf3 Kc3 46.c6 bxc6 47.Ne3 Rf7+ 48.Kg3 c5 49.Rb1 Nb2
50.Nd5+ Kc2 51.Re1 Nxa4 52.Re6 Ra7 53.Kf4 Nc3 54.Nb6 a5 55.Rc6 Rb7 56.Rxc5 Rxb6
57.Rxa5 h6 58.Kg4 Kd3 59.Kh5 Ne2 60.Ra8 Nf4+ 61.Kg4 Rf6 62.Re8 Kd4 63.Re1 Ng2
64.Re8 Ne3+ 65.Kh5 Nf5 66.Re1 Ne3 67.Rg1 Ke5 68.Ra1 Rb6 69.Ra8 Nf5 70.Rg8 Rb4
71.Re8+ Kf6 72.Rf8+ Ke6 73.Kg6 Rg4+ 74.Kh7 Rxh4 75.Kg6 Rg4+ 76.Kh7 Rg7+ 77.Kh8 h5
78.Re8+ Kf6 79.Rf8+ Kg5 80.Rxf5+ Kxf5  0-1

[Event "ch-ARG s/f"]
[Site "Buenos Aires ARG"]
[Date "2006.03.29"]
[Round "9"]
[White "De Dovitiis,A"]
[Black "Giaccio,A"]
[Result "1-0"]
[WhiteElo "2365"]
[BlackElo "2470"]

1.e4 c5 2.Nf3 e6 3.d4 cxd4 4.Nxd4 a6 5.Bd3 Bc5 6.Nb3 Ba7 7.Nc3 Nc6 8.Qe2 Nge7
9.Be3 b5 10.a4 bxa4 11.Rxa4 Bxe3 12.Qxe3 d6 13.O-O e5 14.Rfa1 a5 15.Nd5 O-O
16.Nxe7+ Qxe7 17.Nxa5 Nxa5 18.Rxa5 Rb8 19.Ra7 Qh4 20.b3 Be6 21.R1a6 Rfd8
22.Rb6 Rbc8 23.c4 Rb8 24.Rxb8 Rxb8 25.Qb6 Rc8 26.Rb7 g6 27.Qxd6 Qg5 28.Rb8 Rxb8
29.Qxb8+ Kg7 30.h4 Qc1+ 31.Bf1 Qf4 32.b4 Qxe4 33.Qc7 Qd4 34.b5 e4 35.b6 e3
36.fxe3 Qxe3+ 37.Kh2 Qe4 38.b7 Qxh4+ 39.Kg1 Qd4+ 40.Kh1  1-0

[Event "22nd Spring Festival Open"]
[Site "Budapest HUN"]
[Date "2006.03.30"]
[Round "8"]
[White "Moriuchi,T"]
[Black "Dominguez Carmona,M"]
[Result "1-0"]
[WhiteElo "2282"]
[BlackElo "2039"]

1.e4 c5 2.Nf3 e6 3.d4 cxd4 4.Nxd4 a6 5.Bd3 Nf6 6.O-O Qc7 7.Be3 d5 8.Nc3 dxe4
9.Nxe4 Be7 10.Qd2 e5 11.Nxf6+ Bxf6 12.Ne2 O-O 13.Ng3 Nc6 14.Nh5 Qe7 15.Qc3 Re8
16.f4 Bg4 17.Nxf6+ Qxf6 18.Rae1 Rac8 19.fxe5 Qxe5 20.Qb3 Qc7 21.Rxf7 Qxf7
22.Bxh7+ Kf8 23.Rf1 Qxf1+ 24.Kxf1 Be6 25.Bc5+  1-0

[Event "TCh-FRA Top 16 Gp A"]
[Site "Montpellier FRA"]
[Date "2006.04.01"]
[Round "6"]
[White "Apicella,M"]
[Black "Wirig,A"]
[Result "1-0"]
[WhiteElo "2519"]
[BlackElo "2410"]

1.e4 c5 2.Nf3 e6 3.d4 cxd4 4.Nxd4 a6 5.Bd3 Nc6 6.Nxc6 dxc6 7.O-O e5 8.Nd2 Nf6
9.Nc4 Qc7 10.Bg5 Bc5 11.Qf3 Nd7 12.a4 h6 13.Bd2 O-O 14.Qg3 Kh8 15.a5 Re8
16.b4 Bd4 17.c3 Ba7 18.Qh4 Nf8 19.Qg3 Ng6 20.Be3 Bxe3 21.Qxe3 Be6 22.Nb6 Rad8
23.g3 Nf8 24.Bc4 Rd6 25.Rad1 Red8 26.Rxd6 Rxd6 27.Qe2 Kg8 28.Rd1 f6 29.Rxd6 Qxd6
30.Qd3 Qxd3 31.Bxd3 Kf7 32.f4 Ke7 33.Kf2 Kd8 34.Bc4 Ke7 35.Bxe6 Kxe6 36.Ke3 g6
37.Kd3 Kd6 38.Nc4+ Ke6 39.Ne3 exf4 40.gxf4 Nd7 41.f5+ gxf5 42.Nxf5 c5 43.Nxh6 Ne5+
44.Ke3 cxb4 45.cxb4 Nc6 46.Nf5 Nxb4 47.Nd4+ Ke5 48.h4 f5 49.Nxf5 Nc6 50.h5 Kf6
51.Kf4 Nxa5 52.e5+ Kf7 53.Nd6+ Kg7 54.Kg5 Nc6 55.e6 b5 56.Nf5+ Kh7 57.Kf6 a5
58.Nd4 Nb4 59.Ke5 Kg7 60.h6+  1-0

[Event "FSGM April"]
[Site "Budapest HUN"]
[Date "2006.04.02"]
[Round "2"]
[White "Morrison,G SCO"]
[Black "Farago,I"]
[Result "1/2-1/2"]
[WhiteElo "2326"]
[BlackElo "2526"]

1.e4 c5 2.Nf3 e6 3.d4 cxd4 4.Nxd4 a6 5.Bd3 Nf6 6.O-O Qc7 7.Qe2 d6 8.c4 g6
9.Nc3 Bg7 10.Be3 O-O 11.Rac1 b6 12.Rfd1 Bb7 13.f3 Nbd7 14.Qf2 Rac8 15.Bf1 Qb8
16.b4 Qa8 17.Nb3 d5 18.exd5 exd5 19.c5 bxc5 20.Nxc5 Rfe8 21.Bd4 Nxc5 22.bxc5 Bc6
23.Rb1 Qa7 24.Rb6 Re6 25.Bxa6 Ra8 26.Bb5 Bxb5 27.Rxb5 Rae8 28.Rdb1 h5 29.a4 Bh6
30.Rb6 Be3 31.Bxe3 Rxe3 32.Ne4 Ng4 33.fxg4 R3xe4 34.gxh5 Re2 35.Qf6 Qa5 36.Rf1 Qxc5+
37.Kh1 Rf2 38.Rxf2 Re1+ 39.Rf1 Rxf1+ 40.Qxf1 Qxb6 41.hxg6 fxg6 42.Qb5 Qe6
43.Qb8+ Kg7 44.Qc7+ Kh6 45.h3 Qe3 46.a5 d4 47.a6 d3 48.a7 d2 49.Qd6 Qe1+
50.Kh2 d1=Q 51.Qxd1 Qxd1 52.a8=Q Qd6+ 53.g3 Qd2+ 54.Qg2 Qe3 55.h4 g5 56.hxg5+ Kxg5
57.Qd5+ Kg4 58.Qd7+ Kg5 59.Qg7+ Kh5 60.Kh3 Qf3 61.Qh7+ Kg5 62.Qh4+ Kf5 63.Qh7+ Kf6
64.Qh6+ Kf7 65.Qd2 Qh1+ 66.Kg4 Qe4+ 67.Qf4+ Qxf4+  1/2-1/2

[Event "VIII Rector Cup w"]
[Site "Kharkiv UKR"]
[Date "2006.04.02"]
[Round "6"]
[White "Arutyunova,D"]
[Black "Dvoretska,O"]
[Result "1-0"]
[WhiteElo "2326"]
[BlackElo "2148"]

1.e4 c5 2.Nf3 e6 3.d4 cxd4 4.Nxd4 a6 5.Bd3 Nf6 6.O-O Qc7 7.Nd2 d6 8.a4 e5
9.N4b3 g6 10.a5 Be6 11.c4 Bg7 12.Qe2 Nc6 13.Rd1 Rc8 14.Ra4 O-O 15.Nf1 Nd4
16.Nxd4 exd4 17.b3 Nd7 18.Bb2 Nc5 19.Ra3 Bd7 20.Bb1 Ne6 21.Qd2 Rfe8 22.Ng3 Qc5
23.Ne2 Ng5 24.b4 Qxc4 25.Rc1 Qb5 26.Rxc8 Bxc8 27.Bd3 Qe5 28.Bxd4 Nxe4 29.Qb2 Qf5
30.f3 Bxd4+ 31.Qxd4 Qg5 32.fxe4 Bg4 33.Ra1 Qd2 34.Ng3 h5 35.Nf1 Qf4 36.Ne3 Be6
37.Rf1 Qg5 38.Nd5 Rc8 39.Nf6+  1-0

[Event "32nd ch-IND w"]
[Site "Visakhapatnam IND"]
[Date "2006.04.03"]
[Round "1"]
[White "Kavitha,J"]
[Black "Amrutha,M"]
[Result "0-1"]
[WhiteElo "2126"]
[BlackElo "2126"]

1.e4 c5 2.Nf3 e6 3.d4 cxd4 4.Nxd4 a6 5.Bd3 Nf6 6.O-O Qc7 7.Qe2 d6 8.c4 g6
9.Nc3 Bg7 10.Be3 Nbd7 11.Rac1 O-O 12.b4 b6 13.f3 Bb7 14.Nb3 Ne5 15.Na4 Nfd7
16.Rfd1 a5 17.c5 dxc5 18.bxc5 Nxd3 19.Qxd3 Nxc5 20.Nxb6 Rad8 21.Qc2 Rxd1+
22.Rxd1 Qxb6 23.Bxc5 Qc7 24.Qf2 Ra8 25.Bb6 Qc3 26.Rc1 Qb4 27.Bc5 Qb5 28.Nd4 Qd3
29.Ne2 Ba6 30.Nf4 Qb5 31.Be3 a4 32.h4 a3 33.Rd1 Rb8 34.Ba7 Rc8 35.h5 Qb2
36.Nd3 Bxd3 37.Rxd3 Qb1+ 38.Qf1 Rc1 39.Rd8+ Bf8 40.Qxc1 Qxc1+  0-1

[Event "32nd ch-IND w"]
[Site "Visakhapatnam IND"]
[Date "2006.04.07"]
[Round "5"]
[White "Ramaswamy,A"]
[Black "Amrutha,M"]
[Result "1/2-1/2"]
[WhiteElo "2239"]
[BlackElo "2126"]

1.e4 c5 2.Nf3 e6 3.d4 cxd4 4.Nxd4 a6 5.Bd3 Bc5 6.Nb3 Ba7 7.O-O d6 8.Kh1 Nf6
9.Qe2 Nc6 10.Be3 e5 11.Bxa7 Rxa7 12.c4 O-O 13.Nc3 Be6 14.Rfd1 b6 15.Rac1 Qb8
16.Qe3 Nd7 17.Bf1 Nc5 18.Nd2 Bg4 19.Be2 Bxe2 20.Nxe2 b5 21.b3 b4 22.Nf3 f5
23.exf5 Rxf5 24.Ng3 Rf8 25.Ne4 Nxe4 26.Qxe4 Ne7 27.Ng5 g6 28.Qg4 Nf5 29.f4 exf4
30.Qxf4 Qb6 31.Rf1 Qe3 32.Qxe3 Nxe3 33.Rxf8+ Kxf8 34.Re1 Nf5 35.Kg1 h6 36.Ne6+ Kf7
37.Nf4 a5 38.Nd5 a4 39.Rf1 axb3 40.axb3 Kg7 41.Nxb4 Rb7 42.Nd5 Rxb3 43.Ra1 Rb7
44.Ra2 h5 45.Kf2 Kf7 46.Kf3 Ke6 47.Ke4 Rb1 48.Re2 Rh1 49.g3 Rc1 50.Kd3+ Kf7
51.Nc3 Rf1 52.Ke4 Rc1 53.Kd3 Rf1 54.Ne4 Rf3+ 55.Kd2 Ra3 56.Nc3 Ra1 57.Kd3 Rf1
58.Kd2 Nd4  1/2-1/2